000 00216 a2200097 4500
001 19975
100 _aLipschutz, S
245 _aTheory & problems of set theory
260 _a
_bMcgraw-Hill
_c
090 _c14584
_d14584
942 _aNUST-CAE
_cM
_c5096
999 _c255048
_d255048